000 00397nam a2200169Ia 4500
008 230524s9999 xx 000 0 und d
020 _a8127211575
082 _a530
_bSWA
100 _aB.B.Swain
245 2 _aA Complete Course in Practical Physics
250 _a2ND
260 _aNEW DELHI
_bKalyani
_c2006
300 _a325
500 _aQuantity Number: 5
650 _aPhysics
942 _cBK
999 _c136
_d136